Heritage of freedom (Бичлэгийн дугаар. 145848)
| 000 -УДИРДЛАГА | |
|---|---|
| Удирдлага | 00890nam a22003017a 4500 |
| 003 - ХЯНАЛТЫН ТОО ТОДОРХОЙЛОГЧ | |
| Код | MN-UlNUM |
| 005 - БИЧИЛТ ХИЙСЭН ОГНОО | |
| Тухайн бичилтийг бичсэн засварласан сүүлийн огноо | 20251204153917.0 |
| 008 - ЕРӨНХИЙ МЭДЭЭЛЭЛ | |
| Ерөнхий мэдээлэл | 251204s1985 nyua|||| |||| 001 0 eng | |
| 020 ## - ISBN | |
| ISBN | 0021154406 |
| 040 ## - БИЧЛЭГ ҮҮСГЭГЧ БАЙГУУЛЛАГА | |
| Бичлэг үүсгэгч номын сангийн код | МУИС-ийн номын сан |
| 084 ## - ББК АНГИЛАЛ | |
| Нэмэлт тусгалт | Бусад |
| ББК ангилал | 63.3(7) |
| Зохиогчийн гурван тэмдэгт | R 53 |
| Мэдлэгийн ялгаа | 63 - Түүх |
| 100 1# - ЗОХИОГЧ | |
| Зохиогчийн нэр | Ritchie, Donald A., |
| Зохиогчийн огноо | 1945- |
| 245 10 - ҮНДСЭН ГАРЧИГ | |
| Номын нэр | Heritage of freedom |
| Бага гарчгийн мэдээ | History of the united states |
| 260 ## - ГАРАЛТЫН МЭДЭЭ | |
| Хэвлэгдсэн газар | New York : |
| Хэвлэлийн газар | Scribner Educational Publishers, |
| Хэвлэгдсэн он | 1985. |
| 300 ## - МАТЕРИАЛЫН ТОДОРХОЙЛОЛТ | |
| хуудасны тоо | 850p.: |
| Бусад тоон мэдээлэл | ill. (some col.) ; |
| Хэмжээ | 26 cm |
| 500 ## - Тайлбар | |
| Дансны дугаар | БС 4525 |
| 546 ## - ХЭЛНИЙ ТУХАЙ МЭДЭЭ | |
| Хэл | Англи хэл дээр, |
| 653 ## - Түлхүүр үг | |
| Түлхүүр үг | united states |
| 653 ## - Түлхүүр үг | |
| Түлхүүр үг | history |
| 700 1# - ХАМ ЗОХИОГЧИД | |
| Ба бус | Altoff, Margaret. |
| 700 1# - ХАМ ЗОХИОГЧИД | |
| Ба бус | Wilson, Richard, |
| 740 ## - НОМЫН ГАРЧИГ | |
| Гарчиг | The North American Indians |
| 740 ## - НОМЫН ГАРЧИГ | |
| Гарчиг | European Exploration and Settlements, |
| 740 ## - НОМЫН ГАРЧИГ | |
| Гарчиг | The American Colonies, 1607-1750's |
| 740 ## - НОМЫН ГАРЧИГ | |
| Гарчиг | The Road to Revolution, 1689-1775 |
| 942 ## - ЭЛЕМЕНТИЙН ТӨРӨЛ | |
| Зүйлийн төрөл | Ном |
